| 000 | 00560nam a2200193Ia 4500 | ||
|---|---|---|---|
| 005 | 20250423095131.0 | ||
| 008 | 250422s9999 xx 000 0 und d | ||
| 020 | _a9789241546669 | ||
| 050 | _aRG 950 .E38/ | ||
| 100 | _aWorld Health Organization | ||
| 245 | 0 | _aEducation material for teachers of midwifery : midwifery education modules | |
| 250 | _a2nd ed. | ||
| 260 | _aGeneva | ||
| 260 | _bWorld Health Organization | ||
| 260 | _c2008 | ||
| 300 | _a190 p | ||
| 650 | _aMidwifery--Study and teaching. Obstetrics--Study and teaching. | ||
| 942 | _cBK | ||
| 999 |
_c29345 _d29345 |
||